• 首页
  • 本馆介绍
  • 公告通知
  • 最新文献
  • 馆藏检索
  • 电子资源
  • 读者导购
  • 参考咨询
  • 我的图书馆
  • 登录
  • 详细信息显示
  • 放入我的书架
  • 预约/预借图书
  • 作者相关作品
  • 分类相关作品
  • 丛书相关作品
  • 出版社相关作品

书目信息

  • 表格格式
  • 工作单格式
  • 卡片格式
题名:
海洋构筑物阴极保护
    
 
作者: 杜敏 , 孙明先 , 杨朝晖 著
分册:  
出版信息: 北京   科学出版社  2016.06
页数: 333页
开本: 24cm
丛书名: 中国腐蚀状况及控制战略研究丛书
单 册:
中图分类: P755.3
科图分类:
主题词: 海洋工程--构筑物--海水腐蚀--阴极保护--研究
电子资源:
ISBN: 978-7-03-048370-6
000 01181oam2 2200277 450
001 3844
005 20181008161521.49
010    @a978-7-03-048370-6@dCNY128.00
100    @a20160826d2016 em y0chiy50 ea
101 0  @achi
102    @aCN@b110000
105    @aa z 000yy
200 1  @a海洋构筑物阴极保护@9hai yang gou zhu wu yin ji bao hu@f杜敏, 孙明先, 杨朝晖等著
210    @a北京@c科学出版社@d2016.06
215    @a333页@c图@d24cm
225 2  @a中国腐蚀状况及控制战略研究丛书
300    @a“十三五”国家重点出版物出版规划项目
330    @a本书分为11章,前3章包括海洋环境构筑物及其腐蚀特征,阴极保护原理与设计;第4-9章介绍了牺牲阳极的阴极保护和外加电流的阴极保护,特殊材料的阴极保护和特殊环境中的阴极保护,还针对阴极保护修复进行了研究和阐述;第10章引用大量海洋构筑物阴极保护的实际案例,从设计思路、改进措施、使用效果等方面分析和讨论;最后介绍了阴极保护监/检测技术。
461  0 @12001 @a中国腐蚀状况及控制战略研究丛书
606 0  @a海洋工程@x构筑物@x海水腐蚀@x阴极保护@x研究
690    @aP755.3@v5
701  0 @a杜敏@9du min@4著
701  0 @a孙明先@9sun ming xian@4著
701  0 @a杨朝晖@9yang zhao hui@4著
801  0 @aCN@b91MARC@c20160826
905    @aMuseLib@dP755.3@e96
    
    海洋构筑物阴极保护/杜敏, 孙明先, 杨朝晖等著.-北京:科学出版社,2016.06
    333页:图;24cm.-(中国腐蚀状况及控制战略研究丛书)
    “十三五”国家重点出版物出版规划项目
    
    ISBN 978-7-03-048370-6:CNY128.00
    本书分为11章,前3章包括海洋环境构筑物及其腐蚀特征,阴极保护原理与设计;第4-9章介绍了牺牲阳极的阴极保护和外加电流的阴极保护,特殊材料的阴极保护和特殊环境中的阴极保护,还针对阴极保护修复进行了研究和阐述;第10章引用大量海洋构筑物阴极保护的实际案例,从设计思路、改进措施、使用效果等方面分析和讨论;最后介绍了阴极保护监/检测技术。
●
相关链接 在E读中查询图书 在五车中查询图书 在当当中查询图书 在豆瓣中查询图书


正题名:海洋构筑物阴极保护     索取号:P755.3/96         预约/预借

序号 登录号 条形码 馆藏地/架位号 状态 备注
1 1123922   211239220   第二样本阅览室/ [索取号:P755.3/96] 在馆    
2 1123923   211239239   密集书库-资源管理系/ [索取号:P755.3/96] 在馆    
3 1123924   211239248   第三借阅区/ [索取号:P755.3/96] 在馆    
唐山师范学院图书馆 欢迎您!
大连网信软件有限公司© 版权所有